Auditoría ciudadana sobre la calidad de la democracia
| Autor Corporativo: | |
|---|---|
| Formato: | Libro |
| Lenguaje: | español |
| Publicado: |
San José, Costa Rica :
Proyecto Estado de la Nación,
2001
|
| Materias: |
MARC
| LEADER | 00000nam a2200000Ia 4500 | ||
|---|---|---|---|
| 008 | 170601b2001 cr ||||| |||| 00| | spa d | ||
| 999 | |c 1292 |d 1292 | ||
| 090 | |a 04.02.02 |b 228 | ||
| 110 | 2 | |a Programa Estado de la Nación en Desarrollo Humano Sostenible |9 1382 | |
| 245 | 1 | 0 | |a Auditoría ciudadana sobre la calidad de la democracia |
| 260 | |a San José, Costa Rica : |b Proyecto Estado de la Nación, |c 2001 | ||
| 300 | |a volúmenes | ||
| 650 | 1 | 4 | |a DEMOCRACIA |9 589 |
| 650 | 1 | 4 | |a NACIONALIDAD |9 894 |
| 651 | 4 | |a COSTA RICA |9 47 | |
| 942 | |i 00272 ,00288 |h 04.02.02 228 |2 z |c 01 | ||
